<?xml version="1.0" encoding="UTF-8"?>
<record
    xmlns:xsi="http://www.w3.org/2001/XMLSchema-instance"
    xsi:schemaLocation="http://www.loc.gov/MARC21/slim http://www.loc.gov/standards/marcxml/schema/MARC21slim.xsd"
    xmlns="http://www.loc.gov/MARC21/slim">

  <leader>00425nam a22001337a 4500</leader>
  <controlfield tag="008">230817b        |||||||| |||| 00| 0 eng d</controlfield>
  <datafield tag="020" ind1=" " ind2=" ">
    <subfield code="a">978-1473304109</subfield>
  </datafield>
  <datafield tag="050" ind1=" " ind2=" ">
    <subfield code="a">SF600</subfield>
    <subfield code="b">.Y68 2011</subfield>
  </datafield>
  <datafield tag="100" ind1=" " ind2=" ">
    <subfield code="a">Youatt, William</subfield>
  </datafield>
  <datafield tag="245" ind1=" " ind2=" ">
    <subfield code="a">On the diseases of livestock :</subfield>
    <subfield code="b">A guide to the methods and equipment of livestock keeping /by</subfield>
    <subfield code="c">William Youatt</subfield>
  </datafield>
  <datafield tag="260" ind1=" " ind2=" ">
    <subfield code="b">Home Farm Books Publication</subfield>
    <subfield code="c">2011</subfield>
  </datafield>
  <datafield tag="300" ind1=" " ind2=" ">
    <subfield code="a">48p.</subfield>
  </datafield>
  <datafield tag="942" ind1=" " ind2=" ">
    <subfield code="2">lcc</subfield>
    <subfield code="c">BK</subfield>
  </datafield>
  <datafield tag="999" ind1=" " ind2=" ">
    <subfield code="c">20247</subfield>
    <subfield code="d">20246</subfield>
  </datafield>
  <datafield tag="952" ind1=" " ind2=" ">
    <subfield code="0">0</subfield>
    <subfield code="1">0</subfield>
    <subfield code="2">lcc</subfield>
    <subfield code="7">0</subfield>
    <subfield code="a">KABU</subfield>
    <subfield code="b">KABU</subfield>
    <subfield code="d">2023-08-17</subfield>
    <subfield code="g">1655.00</subfield>
    <subfield code="i">2122/2022</subfield>
    <subfield code="l">0</subfield>
    <subfield code="o">SF600 .Y68 2011 C.1</subfield>
    <subfield code="p">34761</subfield>
    <subfield code="r">2023-08-17 00:00:00</subfield>
    <subfield code="t">C.1</subfield>
    <subfield code="w">2023-08-17</subfield>
    <subfield code="y">BK</subfield>
  </datafield>
  <datafield tag="952" ind1=" " ind2=" ">
    <subfield code="0">0</subfield>
    <subfield code="1">0</subfield>
    <subfield code="2">lcc</subfield>
    <subfield code="7">0</subfield>
    <subfield code="a">KABU</subfield>
    <subfield code="b">KABU</subfield>
    <subfield code="d">2023-08-17</subfield>
    <subfield code="g">1655.00</subfield>
    <subfield code="i">2123/2022</subfield>
    <subfield code="l">0</subfield>
    <subfield code="o">SF600 .Y68 2011 C.2</subfield>
    <subfield code="p">34762</subfield>
    <subfield code="r">2023-08-17 00:00:00</subfield>
    <subfield code="t">C.2</subfield>
    <subfield code="w">2023-08-17</subfield>
    <subfield code="y">BK</subfield>
  </datafield>
  <datafield tag="952" ind1=" " ind2=" ">
    <subfield code="0">0</subfield>
    <subfield code="1">0</subfield>
    <subfield code="2">lcc</subfield>
    <subfield code="7">0</subfield>
    <subfield code="a">KABU</subfield>
    <subfield code="b">KABU</subfield>
    <subfield code="d">2023-08-17</subfield>
    <subfield code="g">1655.00</subfield>
    <subfield code="i">2124/2022</subfield>
    <subfield code="l">0</subfield>
    <subfield code="o">SF600 .Y68 2011 C.3</subfield>
    <subfield code="p">34763</subfield>
    <subfield code="r">2023-08-17 00:00:00</subfield>
    <subfield code="t">C.3</subfield>
    <subfield code="w">2023-08-17</subfield>
    <subfield code="y">BK</subfield>
  </datafield>
</record>
